Quizzes
Events
Quiz Creation
Community
Videos
Private Events
Remove Ads
Sign In
Join for FREE
Feedback
Dark Mode
Quiz Categories
Sports
Geography
Music
Movies
Television
Just For Fun
Miscellaneous
History
Literature
Language
Science
Gaming
Entertainment
Religion
Holiday
For Kids
Quiz Lab
Recent
Popular Today
Quiz Kudos Today
Editor Picks
Curator Picks
Quizzes by...
Day
Popularity
Type
Ratings
Length
Year
Community
Subscriptions
Recent Discussions
Orange Saloon
Badges
Playlists
Quests
Create
Leaderboards
Showdown
Live 5
Trivia Bingo
Activity
Puzzle Library
Sporcle Events
Private Events
Virtual Trivia
Globe League
Become a Host
Pub Owners
SporcleCon
Opinionation
Our Games
Videos
Blog
Mobile Apps
Partnerships
Remove Ads and Go Orange
Feedback
History
US Presidents
World Leaders
Politics
Nation
Discovery
War
Decade
Year
Century
Biography
Art
History
US Presidents
World Leaders
Politics
Nation
Discovery
War
Decade
Year
Century
Biography
Art
Random Quiz
Search Sporcle
×
Quiz Lab
Quiz Lab
History
Classical
Type in answers that appear in a list
Type in answers that appear in a list
Classic
Best Score? Go Orange.
Post Classical European Figures Stats
Can you name the medieval figures by the hint given?
By
hoobsher
6m
18 Questions
55 Plays
55 Plays
55 Plays
Comments
Comments
Give Quiz Kudos
Give Quiz Kudos
-
- Ratings
hide this ad
Random Order
Randomize order of answers
Randomize order of answers
Replay
Link that replays current quiz
Next Quiz
Link to next quiz in quiz playlist
You Got
0%
They Got
Avg Score
45%
Avg Friend Score
Upgrade to see
Score Distribution
Jump to the score distribution portion of the page
Score
0/18
Timer
06:00
0
Plays Today
Hint
Figure
% Correct
Upon his death, his empire was split into three; these three pieces eventually became two modern European countries
Charlemagne
98.1%
Killed Harold Godwinson at the Battle of Hastings
William the Conqueror
77.8%
Stopped the Muslim advance into Western Europe from Spain at the Battle of Tours
Charles Martel
70.4%
Invaded and ravaged many areas of Europe, including Italy, the Balkans, and Roman Gaul
Attila
68.5%
As the king of Wessex, defended England from the viking Great Heathen Army
Alfred the Great
61.1%
Attempted to annex the collapsing Western Roman Empire
Justinian I
57.4%
Conquered the Spanish kingdom of Valencia after the Almoravids killed its Muslim ruler al-
Qadir
El Cid
54.3%
Expanded the power of the Holy Roman Empire
Otto I
46.3%
Presided over the 'North Sea Empire'
Canute the Great
44.4%
Hint
Figure
% Correct
United the Franks under one rule, overthrowing Roman control of Gaul
Clovis I
44.4%
Founded the Ostrogothic Kingdom in Italy
Theoderic the Great
42.6%
Besieged Paris and was given the territory of Normandy as part of a treaty
Rollo
37%
Began the dynasty that came to rule a great number of European kingdoms
Hugh Capet
29.6%
Coronated a certain king as Emperor of the Romans
Pope Leo III
27.8%
Received the territory of Central Francia from the Treaty of Verdun
Lothair
27.5%
Received the territory of West Francia from the Treaty of Verdun
Charles the Bald
25.5%
Received the territory of East Francia from the Treaty of Verdun
Louis the German
21.6%
Gives his name to a Salian Frankish ruling dynasty; supposedly the son of a Frankish king's wife and a sea monster
Merovech
16.7%
Quiz Playlist
Details
Report
Send in Message
Add To Playlist
Classic:
Type in answers that appear in a list
Random Order:
Randomize order of answers
Last Updated: Feb 16, 2017
Quiz Scoreboard
CHALLENGE
Sign Up to Join the Scoreboard
Show All
Scores
Hide
Comments
May contain spoilers
Recently Published
Movies - When Are They Set?
by FPL_Elf
Movies
5m
Popular People in 1961
by mucciniale
History
6m
1-10 Letter E Words III
by El_Dandy
Language
2m
More to Explore
Quiz From the Vault
Featured Blog Post
Where Did the Easter Bunny Come From?
hide this ad
You Might Also Like...
Tags
Classical Quiz
Europe Quiz
Early
Medieval
post
Today's Top Quizzes in History
Browse History
hide this ad
Today's Top Quizzes in Classical
Browse Classical
Top Contributed Quizzes in History
1
Popular People in 1991
2
Popular People in 1981
3
Popular People in 1951
4
Popular People in 1941
5
Popular People in 1986
6
Popular People in 1921
7
Popular People in 1976
8
I Am Born On March 28th
9
Popular People in 1946
10
Popular People in 1936
Explore More
Trending Topics
Anime
Kpop
NBA
Disney
Crossword
Marvel
Harry Potter
Puzzle
Soccer
Country
WWE
NFL
Pokémon
Song
The Office
hide this ad
More By:
hoobsher
Quiz
Plays
Rating
Category
Featured
Created
Countries by Major Islands
39,546
4.61
Geography
May 17, 2013
NFL Best QB-Receiver Tandems by Team
5,300
4.36
Sports
Jul 23, 2012
Timeline of World History (clickable)
3,948
2.50
History
Jan 12, 2014
NFL Most RB Attempts by Team, Last 5 Years
1,614
5.00
Sports
Jul 21, 2022
NFL Top 10 Offensive Players Per Decade
713
4.00
Sports
Jun 11, 2013
Go to Creator's Profile
Score Distribution
Quiz Creator Spotlight
hoobsher
Follow
Send a Message
Quizzes Created
-
Created Quiz Play Count
-
More By This Creator
Popular Quizzes Today
1
Find the US States - No Outlines Minefield
2
Find the Countries of Europe - No Outlines Minefield
3
The Countries of the World
4
Popular People in 1961
5
1-10 Letter E Words III
6
US States
7
Find the US States
8
One Thing in Common: World Cities II
More History Quizzes
Famous Quotes About 'L'
Published
Trending Quizzes
Risky Map Clicking: Least Populous States A-Z
1-10 Letter F Words
1-10 Letter G Words
One Thing in Common: United Kingdom
Risky Map Clicking: Next State Alphabetically
Recently Updated
Leaping Animals
pecheneg
Reality TV Shows (A-Z)
bhenderson79
Rickey Henderson's Hall of Fame Teammates
pecheneg
Champions League XIs: Arsenal
pecheneg
Quick Pick: Celebrities in WWE's Hall of Fame
aduchscher
A-Z Keypad Blitz II
pecheneg
Multiple Oscar Actors
pecheneg
Mystery Phrase Blitz: Oscar 'Best Actors'
pecheneg
F. Scott Fitzgerald Novels
LTH
Pick 3 Villains
ddd62291
Trending Topics
Crossword
NBA
Anime
Kpop
Marvel
Harry Potter
Disney
NFL
Puzzle
Country
WWE
Pokémon
Soccer
Song
The Office
Your Account Isn't Verified!
In order to create a playlist on Sporcle, you need to verify the email address you used during registration. Go to your
Sporcle Settings
to finish the process.
Report this User
Report this user for behavior that violates our
Community Guidelines
.
Details:
Send Report
Go to the Sporcle.com Mobile Site →
Comments